000 01898nam a2200265Ia 4500
008 260220t1968||||xx |||||||||||||| ||spa||
040 _aPY-SlUNAC
_bspa
_erda
041 _aspa
082 _a541.369
_bB792p
100 _aBrophy, Fere H.
_eAutor
245 0 _aPropiedades termodinámicas /
_cpor Fere H. Brophy [Autor]; Robert M. Rose [Director] y John Wuff [Director]
264 _aCiudad de México :
_bLimusa,
_c℗1968.
300 _a1 volumen
520 _aEl libro "Propiedades termodinámicas" de Fere H. Brophy, publicado en 1968, ofrece un análisis detallado de los fundamentos y aplicaciones de la termodinámica, centrándose en las propiedades físicas y químicas de los sistemas térmicos. A lo largo de sus capítulos, Brophy presenta conceptos clave como la energía interna, la entropía, la entalpía y la temperatura, además de explorar las leyes de la termodinámica y su relevancia en procesos industriales. Mediante ejemplos prácticos y fórmulas, el autor facilita la comprensión de cómo las propiedades termodinámicas influyen en la conducta de diversas sustancias en diferentes condiciones. El texto también aborda el equilibrio químico y las transformaciones de fase, relacionando estas propiedades con el comportamiento de gases ideales y reales. Brophy logra una exposición clara y accesible, convirtiendo este libro en un recurso valioso para estudiantes y profesionales en ingeniería y ciencias aplicadas, que buscan entender los principios que rigen la energía y su transferencia en sistemas diversos.
653 _aCiencias físicas
653 _aPropiedades físicas
653 _aTermodinámica
700 _aRose, Robert M.
_eDirector
700 _aWuff, John
_eDirector
942 _b2026/02/17
_cBK
999 _c7883
_d7883